000 00358nam a2200133Ia 4500
008 240624s9999 xx 000 0 und d
041 _aeng
082 _a327.73054 SIN
100 _aSINGH MAJ GEN V K
245 _aINDIA S EXTERNAL INTELLIGENCE SECRETS OF
260 _c2007
_aNew Delhi
_bManas Publications
300 _a185 : p. : cm. ; 22
365 _cRS
_b20
999 _c7708
_d7708